| 000 | 01027nam a22002537a 4500 | ||
|---|---|---|---|
| 001 | 7005 | ||
| 003 | FISKH | ||
| 005 | 20250617103427.0 | ||
| 008 | 250617b cb ||||| |||| 00| 0 eng d | ||
| 020 | _a9789833354023 | ||
| 040 |
_aFISKH _beng _cFISKH _dFISKH |
||
| 050 | _aPZ7 | ||
| 100 | _aChowdhary, Neena | ||
| 245 |
_aExperiment with ecology : _bEasy-to-do experiments that make science fun / _cBy Neena Chowdhary |
||
| 260 |
_aKuala Lumpur : _bScholar's Publication Sdn.Bhd. , _c2004. |
||
| 300 |
_a40 pages : _billustrations ; _c26 cm . |
||
| 505 | _aM | ||
| 520 | _aExperiment with Ecology by Neena Chowdhary is a children's science book that introduces young readers to the fascinating world of ecology through hands-on experiments. Part of the Experiment with Science series, this book is designed to make learning about the environment both fun and educational. | ||
| 521 | 8 |
_a550
_bLexile estimate |
|
| 521 | 8 |
_aM
_bRaz-Plus |
|
| 650 |
_aSolid _vNon-fiction |
||
| 942 |
_2ddc _cBK _n0 |
||
| 999 |
_c7005 _d7005 |
||